| 000 | | | 04838cbm0a2200337#x 450 |
| 001 | | | 005b8552-6d3e-4a6b-9aef-c0fccd724aa0 |
| 005 | | | 20210331155419.0 |
| 100 | ## | $a | 20210329j19400409k###0rusy50 ca |
| 101 | 0# | $a | rus |
| 102 | ## | $a | RU |
| 105 | ## | $a | y###z######## |
| 122 | 0# | $a | d19400409## |
| 200 | 1# | $a | Записка наркома внутренних дел СССР Л. П. Берии в ЦК ВКП(б) - И. В. Сталину о начале выдворения из СССР германских граждан, осужденных и находящихся в местах заключения |
| | $j | 9 апреля 1940 г. |
| 251 | ## | $c | Документ |
| 300 | ## | $a | Подлинник |
| 300 | ## | $a | Опубликовано: "Вестник архива Президента Российской Федерации. СССР - Германия. 1932-1941". Москва, 2019. С. 405-406 |
| 461 | #0 | $1 | 2001 |
| | $a | Ф. 3 |
| | $1 | 251 |
| | $c | Фонд |
| | $1 | 852 |
| | $j | 3 |
| 462 | #0 | $1 | 2001 |
| | $a | Оп. 64 |
| | $1 | 251 |
| | $c | Опись |
| | $1 | 852 |
| | $j | 64 |
| 462 | #0 | $1 | 2001 |
| | $a | Д. 678 |
| | $v | Л. 85-87 |
| | $1 | 251 |
| | $c | Дело |
| | $1 | 852 |
| | $j | 678 |
| 605 | ## | $2 | prlib_sh |
| | $3 | LIBNET\UAF\0000088514 |
| | $a | Вторая мировая война в архивных документах (Комплекс оцифрованных архивных документов, кино- и фотоматериалов) |
| | $l | коллекция |
| 606 | 1# | $2 | prlib_sh |
| | $3 | LIBNET\UAF\0000094251 |
| | $a | Немцы |
| | $x | Депортация |
| | $y | СССР |
| | $z | 1940 |
| | $j | Документы и материалы |
| 617 | ## | $a | СССР |
| | $f | 1940 |
| | $2 | prlib_sh |
| 617 | ## | $a | Германия |
| | $f | 1940 |
| | $2 | prlib_sh |
| 686 | ## | $a | 63.3(4Гем)62-6ю11 |
| | $v | LBC/M |
| | $2 | rubbk |
| 686 | ## | $a | 63.3(2)621-6ю11 |
| | $v | LBC/M |
| | $2 | rubbk |
| 801 | #0 | $a | RU |
| | $b | ПБ им. Б.Н. Ельцина |
| | $c | 20210329 |
| 801 | #1 | $a | RU |
| | $b | ПБ им. Б.Н. Ельцина |
| | $c | 20210329 |
| | $2 | rusmarc |
| 801 | #2 | $a | RU |
| | $b | ПБ им. Б.Н. Ельцина |
| | $c | 20210331 |
| | $2 | rusmarc |
| 850 | ## | $a | Российский государственный архив новейшей истории |
| 852 | ## | $a | РГАНИ |
| | $j | Л. 85-87 |
| 856 | 4# | $n | ПБ им. Б.Н. Ельцина |
| | $u | http://readingroom.main.prlib.ru/item.aspx?id_node=n160153050&mode=full |
| 035 | ## | $a | LIBNET\0001140880 |
| 937 | ## | $d | 160153050 |
| | $h | Федеральное архивное агентство |